• 首页
  • 本馆介绍
  • 公告通知
  • 最新文献
  • 馆藏检索
  • 电子资源
  • 读者导购
  • 参考咨询
  • 我的图书馆
  • 登录
  • 详细信息显示
  • 放入我的书架
  • 预约/预借图书
  • 作者相关作品
  • 分类相关作品
  • 丛书相关作品
  • 出版社相关作品

书目信息

  • 表格格式
  • 工作单格式
  • 卡片格式
题名:
实验应力分析
    
 
作者: 赵清澄 , 石沅 主编
分册:  
出版信息: 北京   科学出版社  1987
页数: 351页
开本: 20cm
丛书名:
单 册:
中图分类: O348
科图分类:
主题词: 实验应力分析
电子资源:
ISBN:
000 00689nam0 2200253 45
001 0187008570
005 20040518104036.0
010    @dCNY3.30
091    @a13031.3654
100    @a19900808d1987 emky0chiy0121 ea
101 0  @achi
102    @aCN@b110000
105    @ay z 000yy
106    @ar
200 10 @a实验应力分析@Ashi yan ying li fen xi@f赵清澄,石沅主编@FZhao Qing Cheng,Shi Yuan Zhu Bian
210    @a北京@c科学出版社@d1987
215    @a351页@d20cm
606    @a实验应力分析
690    @aO348@v3
701  0 @a赵清澄@Azhao qing cheng@4主编
701  0 @a石沅@4主编
801  0 @aCN@b深圳图书馆@c20040518
801  2 @aCN@bNLC@c20040518
905    @f2@b206295-296@dO348@e4
    
    实验应力分析/赵清澄,石沅主编.-北京:科学出版社,1987
    351页;20cm
    
    
    ISBN :CNY3.30
    
●
相关链接 在E读中查询图书 在五车中查询图书 在当当中查询图书 在豆瓣中查询图书


正题名:实验应力分析     索取号:O348/4         预约/预借

序号 登录号 条形码 馆藏地/架位号 状态 备注
1 0206295   000385755   第三借阅区/ [索取号:O348/4] 在馆    
2 0206296   000385773   第三借阅区/ [索取号:O348/4] 在馆    
3 0206297   000385764   第二样本阅览室/ [索取号:O348/4] 在馆    
唐山师范学院图书馆 欢迎您!
大连网信软件有限公司© 版权所有